| 000 | 00516nam a22001697a 4500 | ||
|---|---|---|---|
| 999 |
_c16323 _d16323 |
||
| 008 | 170307b xxu||||| |||| 00| 0 eng d | ||
| 020 | _a0500286609 | ||
| 040 |
_aKABU _cKABU |
||
| 050 |
_aP211 _b.R63 2007 C.1 |
||
| 100 | _aRobinson, Andrew | ||
| 245 |
_aThe story of writing _bwith over 355 illustrations, 50 in colour _cby Andrew Robinson |
||
| 260 | _bThames & hudson | ||
| 300 | _a232 p. | ||
| 650 |
_aWriting _vHistory |
||
| 650 | _2Alphabet | ||
| 942 |
_2lcc _cBK _hP211 .R63 2007 C.1 |
||